[Event "Oberliga NRW 2122"]
[Site "Germany"]
[Date "2022.03.13"]
[Round "7.8"]
[White "Berndt, Joachim"]
[Black "Skabs, Denis"]
[Result "0-1"]
[WhiteElo "2068"]
[BlackElo "1985"]
[PlyCount "88"]
[EventDate "2021.10.31"]
[EventType "team-tourn"]
[EventRounds "9"]
[EventCountry "GER"]
[SourceTitle "EXT 2023"]
[Source "ChessBase"]
[SourceDate "2022.10.05"]
[SourceVersion "1"]
[SourceVersionDate "2022.10.05"]
[SourceQuality "1"]
[WhiteTeam "Bochum II"]
[BlackTeam "Brackel"]
[WhiteTeamCountry "GER"]
[BlackTeamCountry "GER"]

1. c4 e6 2. e4 d5 3. cxd5 exd5 4. exd5 Qxd5 5. Nc3 Qe6+ 6. Be2 Nf6 7. Nf3 Bd6 8. Nb5 0-0 9. Nxd6 Qxd6 10. 0-0 Bg4 11. h3 Bh5 12. Qb3 Qb6 13. Qc4 Nc6 14. g4 Bg6 15. b3 Rfe8 16. Bb2 Re4 17. Qb5 Rae8 18. Qxb6 axb6 19. Bd3 Rf4 20. Bxg6 hxg6 21. Kg2 Nd5 22. Rfe1 Rfe4 23. Rxe4 Rxe4 24. Kg3 Ndb4 25. Ne1 Re2 26. Ba3 Rxd2 27. Bxb4 Nxb4 28. Rc1 c6 29. Nf3 Rxa2 30. Rd1 Nd5 31. Re1 Ra8 32. g5 f6 33. h4 Kf7 34. Nd2 Re8 35. Ra1 b5 36. Ra7 Re7 37. f3 Nc3 38. b4 Nd5 39. Ne4 Nxb4 40. Nd6+ Ke6 41. gxf6 gxf6 42. Ne4 Na6 43. Ra8 b4 44. Rd8 Ke5 0-1

[Event "Oberliga NRW 2122"]
[Site "Germany"]
[Date "2021.11.28"]
[Round "2.7"]
[White "Schmidt, Martin"]
[Black "Berndt, Joachim"]
[Result "1-0"]
[WhiteElo "2172"]
[BlackElo "2068"]
[PlyCount "41"]
[EventDate "2021.10.31"]
[EventType "team-tourn"]
[EventRounds "9"]
[EventCountry "GER"]
[SourceTitle "EXT 2023"]
[Source "ChessBase"]
[SourceDate "2022.10.05"]
[SourceVersion "1"]
[SourceVersionDate "2022.10.05"]
[SourceQuality "1"]
[WhiteTeam "Koeln SF"]
[BlackTeam "Bochum II"]
[WhiteTeamCountry "GER"]
[BlackTeamCountry "GER"]

1. e4 c5 2. Nc3 Nc6 3. Bb5 Nd4 4. Nf3 g6 5. Bc4 Bg7 6. Nxd4 cxd4 7. Qf3 Nf6 8. e5 dxc3 9. dxc3 Qc7 10. exf6 Bxf6 11. Bb3 0-0 12. Bf4 Qc6 13. Bd5 Qb5 14. 0-0-0 e6 15. Bd6 Bg5+ 16. Kb1 Re8 17. h4 Bd8 18. h5 g5 19. Rhe1 Qb6 20. Be4 f6 21. h6 1-0

[Event "GER-ch Net blitz qual4"]
[Site "Playchess.com INT"]
[Date "2020.03.23"]
[Round "5"]
[White "Berndt, Joachim"]
[Black "Augustin, Christian"]
[Result "1-0"]
[WhiteElo "2081"]
[BlackElo "1963"]
[PlyCount "119"]
[EventDate "2020.03.23"]
[EventType "swiss (blitz)"]
[EventRounds "9"]
[EventCountry "GER"]
[SourceTitle "CBM 195 Extra"]
[Source "ChessBase"]
[SourceDate "2020.05.31"]
[SourceVersion "1"]
[SourceVersionDate "2020.05.31"]
[SourceQuality "1"]

1. e4 Nc6 2. Nf3 d5 3. exd5 Qxd5 4. Nc3 Qh5 5. Nb5 Kd8 6. Be2 Bg4 7. a4 a6 8. Nc3 e5 9. h3 Bb4 10. Ne4 Nf6 11. Ng3 Qh6 12. c3 Bxf3 13. Bxf3 Bd6 14. d4 Qg6 15. d5 Ne7 16. Qe2 Re8 17. Ne4 Nxe4 18. Bxe4 f5 19. Bf3 e4 20. Bh5 Qxg2 21. Qf1 Qxf1+ 22. Kxf1 g6 23. Be2 Kd7 24. c4 Rad8 25. Bg5 c6 26. dxc6+ Kxc6 27. a5 Rd7 28. Ra4 Be5 29. b4 Kc7 30. b5 axb5 31. cxb5 Rd5 32. Bc4 Rd4 33. Kg2 Nd5 34. Rc1 Kb8 35. a6 bxa6 36. bxa6 Ka7 37. Raa1 Rc8 38. Bxd5 Rxc1 39. Bxc1 Rxd5 40. Be3+ Bd4 41. Rd1 Kxa6 42. Rxd4 Re5 43. Kg3 Kb7 44. Kf4 Re7 45. Kg5 Kc6 46. Rd8 Kc7 47. Rh8 Kd6 48. Kh6 Ke5 49. Rxh7 Rxh7+ 50. Kxh7 g5 51. Bxg5 f4 52. h4 Kf5 53. Kg7 f3 54. Be3 Kg4 55. Kf6 Kxh4 56. Kf5 Kh3 57. Kxe4 Kg2 58. Kf4 Kf1 59. Kxf3 Ke1 60. Kg3 1-0

[Event "GER-ch Net blitz qual3"]
[Site "Playchess.com INT"]
[Date "2020.03.21"]
[Round "5"]
[White "Berndt, Joachim"]
[Black "Huber, Benedikt Thomas"]
[Result "1-0"]
[WhiteElo "2081"]
[BlackElo "1530"]
[PlyCount "89"]
[EventDate "2020.03.21"]
[EventType "swiss (blitz)"]
[EventRounds "9"]
[EventCountry "GER"]
[SourceTitle "CBM 195 Extra"]
[Source "ChessBase"]
[SourceDate "2020.05.31"]
[SourceVersion "1"]
[SourceVersionDate "2020.05.31"]
[SourceQuality "1"]

1. e4 e6 2. Nf3 d5 3. Nc3 d4 4. Ne2 Nc6 5. c3 dxc3 6. Nxc3 e5 7. Bb5 Bd6 8. 0-0 Bd7 9. d4 exd4 10. Nxd4 Nxd4 11. Qxd4 Bxb5 12. Qxg7 Bxf1 13. Qxh8 Kd7 14. Kxf1 Qf6 15. Qxf6 Nxf6 16. Bg5 Ng8 17. Rd1 h6 18. Bh4 Re8 19. f3 Kc8 20. h3 Be7 21. Bf2 a6 22. Rc1 Bd6 23. Nd5 Ne7 24. Nf6 Rh8 25. a3 Nc6 26. b4 Be5 27. Nd5 Rd8 28. a4 Nxb4 29. Nxb4 Bd4 30. Nd5 Bxf2 31. Kxf2 c6 32. Ke3 Kb8 33. Ne7 Rd7 34. Nf5 h5 35. g4 hxg4 36. fxg4 Kc7 37. h4 f6 38. h5 Rh7 39. Rd1 b5 40. h6 bxa4 41. e5 fxe5 42. g5 a3 43. g6 Rh8 44. g7 Re8 45. h7 1-0

[Event "GER-ch Net blitz qual3"]
[Site "Playchess.com INT"]
[Date "2020.03.21"]
[Round "7"]
[White "Joachim, Christian"]
[Black "Berndt, Joachim"]
[Result "1-0"]
[WhiteElo "1728"]
[BlackElo "2081"]
[PlyCount "99"]
[EventDate "2020.03.21"]
[EventType "swiss (blitz)"]
[EventRounds "9"]
[EventCountry "GER"]
[SourceTitle "CBM 195 Extra"]
[Source "ChessBase"]
[SourceDate "2020.05.31"]
[SourceVersion "1"]
[SourceVersionDate "2020.05.31"]
[SourceQuality "1"]

1. Nf3 Nf6 2. d4 g6 3. Bg5 Bg7 4. e3 0-0 5. Nbd2 d6 6. Bd3 c5 7. c3 b6 8. 0-0 Bb7 9. Rc1 Nc6 10. a3 h6 11. Bh4 Rc8 12. Bb1 a6 13. Nc4 cxd4 14. cxd4 b5 15. Ncd2 Qd7 16. Bg3 Na5 17. h3 Rxc1 18. Qxc1 Rc8 19. Qd1 Nc4 20. Nxc4 bxc4 21. Nh4 Qb5 22. Qe2 Qd5 23. f3 Nh5 24. Bf2 Qb5 25. Qc2 Qg5 26. f4 Qd5 27. e4 Qb5 28. Be3 Qb3 29. Rf3 Qxc2 30. Bxc2 c3 31. b3 Nf6 32. d5 e6 33. Bd4 exd5 34. e5 Ne4 35. Re3 dxe5 36. fxe5 a5 37. Nf3 Nc5 38. Rxc3 Ne6 39. Rxc8+ Bxc8 40. Bf2 g5 41. b4 Nf4 42. bxa5 Ne2+ 43. Kf1 Nc3 44. Bd3 d4 45. Bxd4 Bb7 46. Bxc3 g4 47. hxg4 Bf8 48. a6 Bxf3 49. gxf3 Bxa3 50. a7 1-0

[Event "Ruhrgebiet Regionalliga 1718"]
[Site "Germany"]
[Date "2018.02.11"]
[Round "6.2"]
[White "Berndt, Joachim"]
[Black "Kemna, Guido"]
[Result "0-1"]
[WhiteElo "2040"]
[BlackElo "2153"]
[PlyCount "60"]
[EventDate "2017.10.01"]
[EventType "team-tourn"]
[EventRounds "9"]
[EventCountry "GER"]
[SourceTitle "EXT 2022"]
[Source "ChessBase"]
[SourceDate "2021.10.06"]
[SourceVersion "1"]
[SourceVersionDate "2021.10.06"]
[SourceQuality "1"]
[WhiteTeam "Dortmund Hansa II"]
[BlackTeam "Welper SV"]
[WhiteTeamCountry "GER"]
[BlackTeamCountry "GER"]

1. Nf3 d5 2. e3 Nf6 3. c4 c6 4. Nc3 e6 5. d4 Nbd7 6. Bd2 a6 7. Bd3 dxc4 8. Bxc4 b5 9. Be2 c5 10. 0-0 Be7 11. Qc2 0-0 12. a4 b4 13. Ne4 Nxe4 14. Qxe4 Rb8 15. dxc5 Nxc5 16. Qc4 a5 17. Qc2 Bb7 18. Rfd1 Be4 19. Qc4 Bd5 20. Qg4 Nb3 21. e4 f5 22. Qg3 fxe4 23. Bh6 Bf6 24. Ng5 Nxa1 25. Nxe6 Bxe6 26. Rxd8 Rbxd8 27. h4 Bxb2 28. h5 Bd4 29. Be3 Nc2 30. Bxd4 Nxd4 0-1

[Event "Ruhrgebiet Regionalliga 1718"]
[Site "Germany"]
[Date "2017.11.12"]
[Round "3.2"]
[White "Matzat, Andre"]
[Black "Berndt, Joachim"]
[Result "0-1"]
[WhiteElo "2057"]
[BlackElo "2040"]
[PlyCount "86"]
[EventDate "2017.10.01"]
[EventType "team-tourn"]
[EventRounds "9"]
[EventCountry "GER"]
[SourceTitle "EXT 2022"]
[Source "ChessBase"]
[SourceDate "2021.10.06"]
[SourceVersion "1"]
[SourceVersionDate "2021.10.06"]
[SourceQuality "1"]
[WhiteTeam "Oberhausen SV II"]
[BlackTeam "Dortmund Hansa II"]
[WhiteTeamCountry "GER"]
[BlackTeamCountry "GER"]

1. d4 d5 2. Bf4 Bg4 3. Nc3 Nc6 4. f3 Bh5 5. e4 e6 6. Bb5 Bb4 7. Bxc6+ bxc6 8. Qd3 Ne7 9. a3 Ba5 10. b4 Bb6 11. Nge2 Bg6 12. 0-0 0-0 13. Kh1 a5 14. Qd2 axb4 15. axb4 dxe4 16. Nxe4 Qd5 17. Bg5 Rxa1 18. Rxa1 f6 19. Be3 Qc4 20. Nf4 Bf7 21. Nc5 Rd8 22. c3 Bxc5 23. bxc5 e5 24. Ne2 h5 25. Bf2 Qxc5 26. Qc2 exd4 27. Bxd4 Qc4 28. Ra4 Qe6 29. h3 Nf5 30. Ra7 Bg6 31. Qa2 Rd5 32. Rxc7 Qxe2 33. Qa8+ Be8 34. Rc8 Qe1+ 35. Bg1 Re5 36. Qxc6 Kh7 37. Qb6 Ng3+ 38. Kh2 Nf1+ 39. Kh1 h4 40. Qd4 Ng3+ 41. Kh2 Ne2 42. Bf2 Nxd4 43. Bxe1 Nxf3+ 0-1

[Event "Ruhrgebiet Verbandsliga Gruppe 2 1617"]
[Site "Germany"]
[Date "2017.02.19"]
[Round "7.3"]
[White "Berndt, Joachim"]
[Black "Dargel, Manuel"]
[Result "0-1"]
[WhiteElo "2053"]
[BlackElo "2175"]
[PlyCount "132"]
[EventDate "2016.09.04"]
[EventType "team-tourn"]
[EventRounds "9"]
[EventCountry "GER"]
[SourceTitle "EXT 2022"]
[Source "ChessBase"]
[SourceDate "2021.10.06"]
[SourceVersion "1"]
[SourceVersionDate "2021.10.06"]
[SourceQuality "1"]
[WhiteTeam "Dortmund Hansa II"]
[BlackTeam "Hamm Koenigsspringer"]
[WhiteTeamCountry "GER"]
[BlackTeamCountry "GER"]

1. c4 e6 2. Nc3 b6 3. e4 Bb7 4. Nf3 c5 5. d4 cxd4 6. Nxd4 d6 7. Be3 Nf6 8. f3 Be7 9. Be2 0-0 10. 0-0 a6 11. Qd2 Nbd7 12. a4 Rc8 13. a5 bxa5 14. Nb3 Qc7 15. Nxa5 Ba8 16. Rfd1 Rb8 17. Kh1 Rfc8 18. b4 d5 19. c5 dxe4 20. Nxe4 Nxe4 21. Qxd7 Qxd7 22. Rxd7 Bf6 23. Rc1 Rxb4 24. Bxa6 Re8 25. c6 Bxc6 26. Nxc6 Rb3 27. Bd3 Bb2 28. Rb1 Nf6 29. Na5 Ra3 30. Rd6 Be5 31. Nc4 Bxd6 32. Nxa3 Bxa3 33. h4 Nd5 34. Ba7 Rc8 35. Rb8 Rxb8 36. Bxb8 Bc1 37. Kg1 Bf4 38. Ba7 Be3+ 39. Bxe3 Nxe3 40. Kf2 Nd5 41. g3 h6 42. Be4 Kf8 43. f4 Ke7 44. Kf3 Kd6 45. g4 Kc5 46. g5 Kd4 47. gxh6 gxh6 48. Bb1 Ne3 49. Bh7 f6 50. Bg8 e5 51. fxe5 fxe5 52. Bh7 Nd5 53. Bc2 Nf6 54. Bd1 e4+ 55. Kf2 Kd3 56. Be2+ Kd2 57. Bc4 Nd7 58. Be2 Ne5 59. Bh5 e3+ 60. Kg3 e2 61. Bxe2 Kxe2 62. Kf4 Nf7 63. Ke4 Kf2 64. Kf4 Kg2 65. Kg4 Kh2 66. h5 Kg2 0-1

[Event "BL2-West 1617"]
[Site "Germany"]
[Date "2016.11.20"]
[Round "2.6"]
[White "Reinderman, Dimitri"]
[Black "Berndt, Joachim"]
[Result "1-0"]
[WhiteElo "2578"]
[BlackElo "2139"]
[PlyCount "67"]
[EventDate "2016.10.16"]
[EventType "team-tourn"]
[EventRounds "9"]
[EventCountry "GER"]
[SourceTitle "EXT 2018"]
[Source "ChessBase"]
[SourceDate "2017.10.13"]
[SourceVersion "1"]
[SourceVersionDate "2017.10.13"]
[SourceQuality "1"]
[WhiteTeam "Koeln Porz"]
[BlackTeam "Dortmund Hansa"]
[WhiteTeamCountry "GER"]
[BlackTeamCountry "GER"]

1. c4 Nf6 2. Nc3 g6 3. e4 d6 4. d4 Bg7 5. Nf3 0-0 6. Be2 e5 7. 0-0 exd4 8. Nxd4 Re8 9. f3 c6 10. Kh1 Nbd7 11. Bg5 h6 12. Bh4 a6 13. Rc1 Nc5 14. Rc2 Ne6 15. Nxe6 Bxe6 16. Rd2 g5 17. Bg3 d5 18. cxd5 cxd5 19. exd5 Bd7 20. Bd3 Qa5 21. Qb1 Rac8 22. Rfd1 Nh5 23. Bf2 Nf4 24. Bh7+ Kh8 25. Bf5 Bxf5 26. Qxf5 Kg8 27. h4 Qd8 28. d6 Re5 29. Qxc8 Qxc8 30. d7 Qd8 31. Bb6 Qxb6 32. d8Q+ Qxd8 33. Rxd8+ Kh7 34. R8d7 1-0

[Event "NRW Class1 1415"]
[Site "Germany"]
[Date "2014.11.16"]
[Round "3.6"]
[White "Van Zutphen, Jimmy"]
[Black "Berndt, Joachim"]
[Result "1/2-1/2"]
[WhiteElo "2164"]
[BlackElo "2069"]
[PlyCount "114"]
[EventDate "2014.09.14"]
[EventType "team-tourn"]
[EventRounds "9"]
[EventCountry "GER"]
[SourceTitle "EXT 2017"]
[Source "ChessBase"]
[SourceDate "2016.10.25"]
[SourceVersion "1"]
[SourceVersionDate "2016.10.25"]
[SourceQuality "1"]
[WhiteTeam "Erkenschwick"]
[BlackTeam "Dortmund Hansa II"]
[WhiteTeamCountry "GER"]
[BlackTeamCountry "GER"]

1. d4 g6 2. Bf4 Bg7 3. e3 d6 4. Nf3 Nd7 5. Be2 e5 6. Bg5 f6 7. Bh4 Nh6 8. 0-0 0-0 9. c4 Nf5 10. Bg3 Qe7 11. Nc3 Nxg3 12. hxg3 f5 13. Qb3 c6 14. Rad1 Kh8 15. dxe5 dxe5 16. Rd2 g5 17. Rfd1 g4 18. Nh2 h5 19. Qc2 Nf6 20. Rd6 Be6 21. Qd2 e4 22. Qc2 Ne8 23. R6d2 Be5 24. Bf1 Nf6 25. Ne2 Rf7 26. Nf4 Rg8 27. Rd8 Bxf4 28. Rxg8+ Kxg8 29. exf4 Qc5 30. Qc3 Kg7 31. b4 Qf8 32. Be2 Rd7 33. Rxd7+ Bxd7 34. Nf1 Kg6 35. Ne3 Qd6 36. c5 Qe7 37. Qd4 Be6 38. Qe5 Qd7 39. Bc4 Bxc4 40. Nxc4 h4 41. Nd6 hxg3 42. fxg3 b6 43. a3 bxc5 44. bxc5 Nd5 45. a4 Nc7 46. Qh8 Ne6 47. Nxf5 Kxf5 48. Qe5+ Kg6 49. f5+ Kf7 50. fxe6+ Qxe6 51. Qh5+ Kf6 52. Qh6+ Ke5 53. Qe3 Kd5 54. Qb3+ Ke5 55. Qc3+ Kd5 56. Qb3+ Ke5 57. Qc3+ Kd5 1/2-1/2

[Event "Ruhrgebiet Regionalliga 1314"]
[Site "Ruhrgebiet"]
[Date "2014.05.04"]
[Round "9.3"]
[White "Schorra, Helmut"]
[Black "Berndt, Joachim"]
[Result "0-1"]
[WhiteElo "2060"]
[BlackElo "2063"]
[PlyCount "82"]
[EventDate "2013.09.22"]
[EventType "team-tourn"]
[EventRounds "9"]
[EventCountry "GER"]
[SourceTitle "EXT 2024"]
[Source "ChessBase"]
[SourceDate "2023.10.10"]
[SourceVersion "1"]
[SourceVersionDate "2023.10.10"]
[SourceQuality "1"]
[WhiteTeam "Buer"]
[BlackTeam "Bochum II"]
[WhiteTeamCountry "GER"]
[BlackTeamCountry "GER"]

1. e4 c6 2. d4 d5 3. Nd2 dxe4 4. Nxe4 Bf5 5. Ng3 Bg6 6. Nh3 e6 7. Nf4 Bd6 8. Nxg6 hxg6 9. Ne4 Bb4+ 10. c3 Qd5 11. Ng5 Bd6 12. Qb3 Qxb3 13. axb3 Nd7 14. g3 Ngf6 15. Bg2 e5 16. dxe5 Bxe5 17. 0-0 0-0 18. Re1 Rfe8 19. Be3 a6 20. Rad1 Rad8 21. Bh3 Bc7 22. c4 Ba5 23. Rf1 Bb4 24. Nf3 Nc5 25. Nd4 a5 26. Nc2 Nxb3 27. Nxb4 axb4 28. Bb6 Rd2 29. Rxd2 Nxd2 30. Rc1 Nf3+ 31. Kh1 g5 32. Bg2 g4 33. Be3 Ne4 34. h3 f5 35. hxg4 fxg4 36. Rd1 Nxg3+ 37. fxg3 Rxe3 38. Rd8+ Kh7 39. Bf1 Rb3 40. Bd3+ Kh6 41. Kg2 Rxd3 0-1

[Event "Ruhrgebiet Regionalliga 1314"]
[Site "Ruhrgebiet"]
[Date "2014.02.09"]
[Round "6.6"]
[White "Klaus, Michael"]
[Black "Berndt, Joachim"]
[Result "0-1"]
[WhiteElo "1862"]
[BlackElo "2063"]
[PlyCount "98"]
[EventDate "2013.09.22"]
[EventType "team-tourn"]
[EventRounds "9"]
[EventCountry "GER"]
[SourceTitle "EXT 2024"]
[Source "ChessBase"]
[SourceDate "2023.10.10"]
[SourceVersion "1"]
[SourceVersionDate "2023.10.10"]
[SourceQuality "1"]
[WhiteTeam "Koenigsspringer Hamm"]
[BlackTeam "Bochum II"]
[WhiteTeamCountry "GER"]
[BlackTeamCountry "GER"]

1. d4 Nf6 2. Nf3 d5 3. c4 c6 4. cxd5 cxd5 5. Nc3 Nc6 6. Bf4 Bf5 7. Qb3 Na5 8. Qa4+ Bd7 9. Qc2 Rc8 10. e3 e6 11. Ne5 Ne4 12. a3 f6 13. Nxd7 Qxd7 14. Bd3 Nxc3 15. bxc3 g5 16. Bg3 Nc4 17. 0-0 f5 18. a4 h5 19. Bxc4 Rxc4 20. Be5 Rh7 21. f3 Qc6 22. Rfc1 Bb4 23. Qb3 Bxc3 24. Ra3 Bd2 25. Rxc4 dxc4 26. Qc2 Bb4 27. Ra2 g4 28. e4 fxe4 29. fxe4 Rf7 30. Qe2 Ba5 31. Rc2 Qxa4 32. Qxc4 Qxc4 33. Rxc4 Kd7 34. h3 gxh3 35. gxh3 b5 36. Rc5 a6 37. Rc2 Bb6 38. Kg2 b4 39. d5 exd5 40. exd5 Rf5 41. Rc6 Rxe5 42. Rxb6 a5 43. Rb5 Kd6 44. Rxa5 Rxd5 45. Ra1 Kc5 46. Rc1+ Kb5 47. Rc8 b3 48. Kf2 Kb4 49. Ke2 b2 0-1

[Event "Ruhrgebiet Regionalliga 1314"]
[Site "Ruhrgebiet"]
[Date "2013.11.10"]
[Round "3.4"]
[White "Melmer, Felix"]
[Black "Berndt, Joachim"]
[Result "1/2-1/2"]
[WhiteElo "1924"]
[BlackElo "2063"]
[PlyCount "101"]
[EventDate "2013.09.22"]
[EventType "team-tourn"]
[EventRounds "9"]
[EventCountry "GER"]
[SourceTitle "EXT 2024"]
[Source "ChessBase"]
[SourceDate "2023.10.10"]
[SourceVersion "1"]
[SourceVersionDate "2023.10.10"]
[SourceQuality "1"]
[WhiteTeam "Gerthe Werne"]
[BlackTeam "Bochum II"]
[WhiteTeamCountry "GER"]
[BlackTeamCountry "GER"]

1. f4 d6 2. Nf3 Bg4 3. e3 e5 4. h3 Be6 5. Nc3 exf4 6. exf4 c6 7. d4 Be7 8. Bd3 Nf6 9. 0-0 Qd7 10. Ng5 Bf5 11. Nge4 0-0 12. g4 Bxe4 13. Nxe4 Nxe4 14. Bxe4 d5 15. Bd3 Qd6 16. Kg2 Nd7 17. g5 f5 18. c3 Rae8 19. Qc2 g6 20. h4 h6 21. h5 Bd8 22. a4 Bc7 23. gxh6 gxh5 24. Bxf5 Kh8 25. Kh1 Nf6 26. b3 b6 27. Ba3 c5 28. dxc5 bxc5 29. Qf2 d4 30. cxd4 Rg8 31. Qf3 Ng4 32. h7 Rg7 33. Rae1 Rf8 34. dxc5 Qf6 35. Bxg4 Rxg4 36. Re2 Rh4+ 37. Kg1 Kxh7 38. Rg2 Bxf4 39. Qd3+ Qf5 40. Qxf5+ Rxf5 41. Re1 Be5 42. Bb2 Bxb2 43. Rxb2 Rxc5 44. Re7+ Kh6 45. Rxa7 Rc1+ 46. Kg2 Rg4+ 47. Kh2 Rh4+ 48. Kg3 Rg4+ 49. Kh2 Rh4+ 50. Kg3 Rg4+ 51. Kh2 1/2-1/2

[Event "Ruhrgebiet Regionalliga 1314"]
[Site "Ruhrgebiet"]
[Date "2013.09.22"]
[Round "1.5"]
[White "Berndt, Joachim"]
[Black "Reinholz, Benjamin"]
[Result "0-1"]
[WhiteElo "2063"]
[BlackElo "1971"]
[PlyCount "84"]
[EventDate "2013.09.22"]
[EventType "team-tourn"]
[EventRounds "9"]
[EventCountry "GER"]
[SourceTitle "EXT 2024"]
[Source "ChessBase"]
[SourceDate "2023.10.10"]
[SourceVersion "1"]
[SourceVersionDate "2023.10.10"]
[SourceQuality "1"]
[WhiteTeam "Bochum II"]
[BlackTeam "Herne Sodingen II"]
[WhiteTeamCountry "GER"]
[BlackTeamCountry "GER"]

1. Nf3 c5 2. c4 Nc6 3. d4 cxd4 4. Nxd4 Nf6 5. Nc3 g6 6. Nc2 Bg7 7. g3 0-0 8. Bg2 d6 9. Rb1 Be6 10. Ne3 Qc8 11. 0-0 Bh3 12. b3 Bxg2 13. Kxg2 Qe6 14. Bb2 Rfd8 15. Ned5 Rd7 16. f3 Ne8 17. Nf4 Qe3 18. Ncd5 Qc5 19. Nd3 Qa5 20. Bxg7 Nxg7 21. b4 Qd8 22. e4 Ne5 23. Nxe5 dxe5 24. Qa4 Ne6 25. Rbd1 Kg7 26. f4 exf4 27. gxf4 a5 28. b5 Nc5 29. Qc2 e6 30. Ne3 Rxd1 31. Rxd1 Qc7 32. Qc3+ f6 33. Kf3 Rd8 34. Ng4 e5 35. Rxd8 Qxd8 36. fxe5 Qd1+ 37. Ke3 Qxg4 38. exf6+ Kf7 39. Qe5 Qg1+ 40. Ke2 Qg2+ 41. Ke3 Qh3+ 42. Ke2 Qd3+ 0-1

[Event "Ruhrgebiet Verbandsliga1 1213"]
[Site "Nordrheinwestfalen"]
[Date "2013.04.07"]
[Round "8.4"]
[White "Berndt, Joachim"]
[Black "Wloka, Sebastian"]
[Result "1-0"]
[WhiteElo "2060"]
[BlackElo "1894"]
[PlyCount "79"]
[EventDate "2012.09.02"]
[EventType "team-tourn"]
[EventRounds "9"]
[EventCountry "GER"]
[SourceTitle "EXT 2020"]
[Source "ChessBase"]
[SourceDate "2019.10.17"]
[SourceVersion "1"]
[SourceVersionDate "2019.10.17"]
[SourceQuality "1"]
[WhiteTeam "Bochum SV II"]
[BlackTeam "Eichlinghofen SV"]
[WhiteTeamCountry "GER"]
[BlackTeamCountry "GER"]

1. d4 d5 2. Nf3 Nf6 3. e3 e6 4. Bd3 Bd6 5. Nbd2 c6 6. 0-0 0-0 7. Ne5 Nbd7 8. f4 Qe7 9. Qf3 Re8 10. Qh3 Nf8 11. Kh1 N6d7 12. e4 dxe4 13. Nxe4 f6 14. Nxd6 Qxd6 15. Nc4 Qc7 16. Bd2 c5 17. c3 b5 18. Ne3 a6 19. a4 bxa4 20. Rxa4 Bb7 21. f5 Nb6 22. Ra5 cxd4 23. cxd4 e5 24. dxe5 Rxe5 25. Qg3 Re7 26. Qxc7 Rxc7 27. Bb1 Rd8 28. Ba2+ Kh8 29. Bc3 Re7 30. Re1 Rd3 31. Nc2 Rxe1+ 32. Nxe1 Re3 33. Kg1 Nfd7 34. Kf2 Re4 35. Be6 h6 36. Nd3 Rg4 37. g3 Re4 38. h3 Kh7 39. Ra3 Nf8 40. Nc5 1-0

[Event "Ruhrgebiet Verbandsliga1 1213"]
[Site "Nordrheinwestfalen"]
[Date "2013.01.13"]
[Round "5.4"]
[White "Raygrotzki, Norbert"]
[Black "Berndt, Joachim"]
[Result "1/2-1/2"]
[WhiteElo "1836"]
[BlackElo "2060"]
[PlyCount "64"]
[EventDate "2012.09.02"]
[EventType "team-tourn"]
[EventRounds "9"]
[EventCountry "GER"]
[SourceTitle "EXT 2020"]
[Source "ChessBase"]
[SourceDate "2019.10.17"]
[SourceVersion "1"]
[SourceVersionDate "2019.10.17"]
[SourceQuality "1"]
[WhiteTeam "Oberhausen SV III"]
[BlackTeam "Bochum SV II"]
[WhiteTeamCountry "GER"]
[BlackTeamCountry "GER"]

1. c4 c5 2. g3 g6 3. Bg2 Bg7 4. Nc3 Nc6 5. Nf3 d6 6. a3 a5 7. 0-0 e5 8. d3 Nge7 9. Ne1 0-0 10. Nc2 Be6 11. Ne3 Rb8 12. Ned5 Qd7 13. Bg5 f6 14. Bd2 b6 15. Rb1 Bf7 16. Qa4 Qd8 17. Nxe7+ Nxe7 18. b4 axb4 19. axb4 d5 20. cxd5 Nxd5 21. bxc5 Nxc3 22. Bxc3 bxc5 23. Qa6 Qc8 24. Qxc8 Rfxc8 25. Rfc1 Bh6 26. Rxb8 Rxb8 27. Ra1 c4 28. dxc4 Bxc4 29. Bf3 Re8 30. Ra4 Bf7 31. Ra8 Rxa8 32. Bxa8 Bf8 1/2-1/2

[Event "BL2-West 1213"]
[Site "Germany"]
[Date "2013.01.13"]
[Round "5.8"]
[White "Van Dooren, Dirk"]
[Black "Berndt, Joachim"]
[Result "1/2-1/2"]
[WhiteElo "2275"]
[BlackElo "2148"]
[PlyCount "56"]
[EventDate "2012.10.14"]
[EventType "team-tourn"]
[EventRounds "9"]
[EventCountry "GER"]
[SourceTitle "CBM 154 Extra"]
[Source "ChessBase"]
[SourceDate "2013.06.25"]
[SourceVersion "2"]
[SourceVersionDate "2013.06.25"]
[SourceQuality "1"]
[WhiteTeam "Aachen Aufwaerts"]
[BlackTeam "Bochum SV"]
[WhiteTeamCountry "GER"]
[BlackTeamCountry "GER"]

1. d4 d6 2. e4 Nf6 3. Nc3 c6 4. g3 Nbd7 5. Bg2 e5 6. Nge2 b5 7. a3 Be7 8. 0-0 0-0 9. h3 a5 10. g4 Ba6 11. Ng3 b4 12. Nce2 d5 13. exd5 Nxd5 14. Nf5 Re8 15. Re1 Bf8 16. dxe5 Nxe5 17. Nf4 bxa3 18. Nxd5 cxd5 19. b3 Qf6 20. Bxa3 Bxa3 21. Rxa3 g6 22. Nd4 Bb7 23. Ra4 Nc6 24. Rxe8+ Rxe8 25. Nxc6 Bxc6 26. Rd4 Re1+ 27. Qxe1 Qxd4 28. Qe3 Qd1+ 1/2-1/2

[Event "NRW Class2 1011"]
[Site "Germany"]
[Date "2011.01.30"]
[Round "6.6"]
[White "Berndt, Joachim"]
[Black "Krings, Christoph"]
[Result "1-0"]
[WhiteElo "2191"]
[BlackElo "2198"]
[PlyCount "99"]
[EventDate "2010.09.26"]
[EventType "team-tourn"]
[EventRounds "9"]
[EventCountry "GER"]
[SourceTitle "EXT 2012"]
[Source "ChessBase"]
[SourceDate "2011.11.24"]
[SourceVersion "1"]
[SourceVersionDate "2011.11.24"]
[SourceQuality "1"]
[WhiteTeam "Herne Sodingen"]
[BlackTeam "Erkenschwick"]
[WhiteTeamCountry "GER"]
[BlackTeamCountry "GER"]

1. d4 e6 2. Nf3 f5 3. h3 b6 4. Bf4 Nf6 5. e3 Be7 6. c4 0-0 7. Nc3 Bb7 8. Be2 Ne4 9. Qc2 Nxc3 10. bxc3 d6 11. Rg1 Nd7 12. Rd1 Qe8 13. g4 Be4 14. Qb3 Kh8 15. gxf5 Bxf5 16. h4 Bf6 17. Kd2 e5 18. Bg5 Be4 19. Rg3 Bxf3 20. Bxf6 Nxf6 21. Bxf3 Rd8 22. Rdg1 Nh5 23. Bxh5 Qxh5 24. R1g2 Qxh4 25. Ke2 Qh5+ 26. Ke1 Rd7 27. Qb5 Rdf7 28. Qd5 Qh4 29. Ke2 exd4 30. cxd4 Qh1 31. f4 Rf5 32. Qe6 Ra5 33. c5 Qb1 34. Kf3 Qd1+ 35. Ke4 d5+ 36. Qxd5 Re8+ 37. Kf5 Qh5+ 38. Rg5 Qh3+ 39. R2g4 Qxe3 40. Rxg7 Rf8+ 41. Rf7 Qe8 42. Rgg7 Rxf7+ 43. Rxf7 bxc5 44. Qe5+ Qxe5+ 45. dxe5 Rxa2 46. Kf6 h5 47. e6 Kg8 48. Rg7+ Kh8 49. e7 Re2 50. Rg5 1-0